[Event "3rd Nord West Cup"]
[Site "?"]
[Date "2001.02.02"]
[Round "?"]
[White "Khamrakulov, Ibragim S"]
[Black "Miezis, Normunds"]
[WhiteElo "2416"]
[BlackElo "2532"]
[Result "1-0"]

1. e4 c5 2. c3 d5 3. exd5 Qxd5 4. d4 e6 5. Na3 cxd4 6. Nb5 Na6 7. Qxd4 Qxd4 8. Nxd4 Nf6 9. Ngf3 Be7 10. Bb5+ Nd7 11. Bxa6 bxa6 12. Bg5 f6 13. Be3 Nc5 14. O-O-O Bd7 15. Rhe1 e5 16. Nb3 Na4 17. Nfd2 Bf5 18. Nc4 O-O 19. Nba5 Rfc8 20. Nd6 Bxd6 21. Rxd6 Rab8 22. Nb3 Nb6 23. Na5 Rc7 24. Nc6 Ra8 25. Nb4 Rb7 26. Bxb6 axb6 27. Nd5 Rab8 28. f4 exf4 29. Ne7+ Rxe7 30. Rxe7 a5 31. Rd4 Kf8 32. Rc7 Re8 33. Rxf4 Be4 34. g3 h5 35. Rf2 Kg8 36. Rd2 Re5 37. Rdd7 Rg5 38. Kd2 h4 39. gxh4 Rg4 40. Ke3 f5 41. h5 Kh7 42. Rd6 Bb1 43. h6 Re4+ 44. Kf3 Re8 45. Rxg7+ Kh8 46. Rgd7 Re1 47. Rxb6 Re8 48. Rbd6 Re1 49. Rd1 Be4+ 50. Kf2 

1-0

[Event "Asia-ch U20"]
[Site "?"]
[Date "1998.??.??"]
[Round "?"]
[White "Khamrakulov, Ibragim S"]
[Black "Dao, Thien Hai"]
[WhiteElo "2340"]
[BlackElo "2530"]
[Result "1-0"]

1. e4 c5 2. Nf3 d6 3. c3 Nf6 4. Be2 g6 5. O-O Bg7 6. Qc2 Qc7 7. a4 O-O 8. Na3 Nbd7 9. h3 a6 10. Nh2 b6 11. d3 d5 12. f4 dxe4 13. dxe4 e5 14. f5 Bb7 15. Bf3 c4 16. Ng4 Kh8 17. Be3 gxf5 18. exf5 e4 19. Be2 Bd5 20. Rad1 Rad8 21. Bd4 Rg8 22. Qc1 Nxg4 23. hxg4 Ne5 24. Qf4 f6 25. Bxe5 fxe5 26. Qe3 Bf8 27. Kh1 Qc6 28. Qg3 Qh6+ 29. Qh2 Qf6 30. Qh3 b5 31. axb5 axb5 32. Nc2 Bh6 33. Ne3 Bb7 34. g5 Qxg5 35. Ng4 Rxd1 36. Rxd1 Bf8 37. Nxe5 Rg7 38. Ng6+ Kg8 39. Nxf8 Kxf8 40. f6 Rc7 41. Rd8+ Kf7 42. Qxh7+ Kxf6 43. Qxc7 Qh4+ 44. Kg1 Qe1+ 45. Bf1 Qe3+ 46. Kh1 

1-0

[Event "2rd Glifada op"]
[Site "?"]
[Date "2000.??.??"]
[Round "?"]
[White "Khamrakulov, Ibragim S"]
[Black "Managadze, Nikoloz"]
[WhiteElo "2359"]
[BlackElo "2456"]
[Result "1-0"]

1. e4 c5 2. c3 g6 3. d4 cxd4 4. cxd4 d5 5. exd5 Nf6 6. Nc3 Bg7 7. Qb3 O-O 8. Be2 Nbd7 9. Bf3 Qb6 10. Nge2 a5 11. Na4 Qxb3 12. axb3 Ne8 13. Bg5 Bf6 14. Bxf6 exf6 15. Kd2 Nd6 16. Nec3 b6 17. Rhe1 Rb8 18. Rac1 Rd8 19. Ne4 Nf5 20. Bg4 Nxd4 21. Rxc8 Nxb3+ 22. Kd3 Rbxc8 23. Bxd7 Nc1+ 24. Ke3 Rc2 25. Nxb6 Kg7 26. Ba4 Rxb2 27. Rxc1 Rxb6 28. Rc5 f5 29. Nc3 g5 30. Rxa5 Rb2 31. Bc6 f4+ 32. Kf3 f5 33. Nb5 g4+ 34. Kxf4 Rxf2+ 35. Kg3 Rd2 36. Ra7+ Kg6 37. Re7 h5 38. Re6+ Kg5 39. h4+ gxh3 40. Kxh3 Rd3+ 41. Kh2 h4 42. Nd6 Kf4 43. Nf7 Rg8 44. Ne5 Rd2 45. Ng6+ Kg5 46. Ne7 Rh8 47. Re3 Rb8 48. Re5 h3 49. Kxh3 Rb3+ 50. Kh2 Rbb2 51. Rxf5+ Kh4 52. d6 Rxd6 53. Bf3 Rh6 54. Ng6+ 

1-0

[Event "2nd Oliver Gonzalez Memorial"]
[Site "?"]
[Date "2011.10.14"]
[Round "?"]
[White "Khamrakulov, Ibragim S"]
[Black "Hunt, Adam C"]
[WhiteElo "2504"]
[BlackElo "2437"]
[Result "1-0"]

1. e4 c5 2. Nf3 d6 3. c3 Nf6 4. Qc2 Qc7 5. h3 g6 6. Bc4 Bg7 7. d4 O-O 8. e5 dxe5 9. dxe5 Nfd7 10. e6 Nb6 11. exf7+ Kh8 12. Bd3 Rxf7 13. Ng5 Rf6 14. O-O c4 15. Be4 N8d7 16. Be3 Nc5 17. Bd4 Nxe4 18. Qxe4 Rf4 19. Bxg7+ Kxg7 20. Ne6+ Bxe6 21. Qxe6 Rd8 22. Qe2 Na4 23. Na3 Nc5 24. Nb5 Qb6 25. Qxe7+ Rf7 26. Qg5 h6 27. Qh4 Nd3 28. Nd4 Rd5 29. b3 Rg5 30. f4 Rgf5 31. Kh1 Rxf4 32. Rxf4 Nxf4 33. Rf1 g5 34. Qg4 cxb3 35. axb3 Qg6 36. Qc8 Qe4 37. Rf3 Kh7 38. Kh2 Re7 39. Nf5 Rf7 40. Nd6 Qc2 41. Rg3 Re7 42. Qd8 Qe2 43. Nf5 Rf7 44. Nxh6 Rg7 45. Ng4 Qe7 46. Qd4 Qc7 47. Nf6+ Kh8 48. Ne8 Ne2 49. Qxg7+ Qxg7 50. Nxg7 Nxg3 51. Kxg3 Kxg7 52. c4 Kf6 53. Kg4 Kg6 54. g3 b6 55. h4 gxh4 56. gxh4 a6 57. Kf4 

1-0

[Event "Extremadura-chT"]
[Site "?"]
[Date "2007.02.17"]
[Round "?"]
[White "Khamrakulov, Ibragim S"]
[Black "Carrasco Martinez, Juan M"]
[WhiteElo "2527"]
[BlackElo "2421"]
[Result "1-0"]

1. e4 e6 2. d4 d5 3. Nd2 Nf6 4. e5 Nfd7 5. Bd3 c5 6. c3 b6 7. Ne2 Ba6 8. Bxa6 Nxa6 9. O-O b5 10. f4 g6 11. dxc5 Naxc5 12. Kh1 h5 13. Nd4 Qb6 14. Qe2 a6 15. N2f3 Qb7 16. Be3 Be7 17. Nd2 Nb6 18. Nxb5 Nbd7 19. Nd6+ Bxd6 20. exd6 Qxb2 21. Bd4 Rg8 22. Qe3 Qb5 23. f5 gxf5 24. Rxf5 Qc6 25. Rxh5 O-O-O 26. Rh7 Rg4 27. h3 Rg6 28. Rxf7 Qxd6 29. Bxc5 Nxc5 30. Nf3 Rdg8 31. g4 Rh8 32. Kg2 Ne4 33. Qf4 Qc5 34. Ne5 Rgh6 35. Rb1 Qd6 36. Rd7 

1-0

[Event "8th Nikea op"]
[Site "?"]
[Date "2000.??.??"]
[Round "?"]
[White "Khamrakulov, Ibragim S"]
[Black "Kofidis, Andreas"]
[WhiteElo "2359"]
[BlackElo "2415"]
[Result "1-0"]

1. e4 e5 2. Nf3 Nc6 3. d4 exd4 4. Nxd4 Bc5 5. Nb3 Be7 6. c4 Nf6 7. Nc3 O-O 8. Be2 Bb4 9. f3 Bxc3+ 10. bxc3 h6 11. c5 b6 12. O-O bxc5 13. Nxc5 d6 14. Qa4 Ne5 15. Nb3 Bd7 16. Qd4 Qb8 17. Bf4 Qb6 18. Kh1 c5 19. Nxc5 dxc5 20. Qxe5 Rfe8 21. Qd6 Be6 22. a4 Qa5 23. Bb5 Rec8 24. Qa6 Qxc3 25. Rfc1 Qd4 26. Rd1 Qb4 27. Rab1 Bb3 28. Rd3 c4 29. Bd6 Rc5 30. Rd4 Ne8 31. Bxc5 Qxc5 32. Rd5 Qa3 33. Qc6 Rb8 34. Rg1 Qa2 35. Rc5 Qe2 36. Bxc4 Bxc4 37. Rxc4 Qf2 38. Rc2 Qe3 39. Qc5 

1-0

[Event "Hotel El Aguila GM"]
[Site "?"]
[Date "2012.06.22"]
[Round "?"]
[White "Khamrakulov, Ibragim S"]
[Black "Garza Marco, Sergio"]
[WhiteElo "2517"]
[BlackElo "2410"]
[Result "1-0"]

1. e4 d6 2. d4 Nf6 3. Nc3 g6 4. f4 Bg7 5. Nf3 O-O 6. e5 Nfd7 7. Bc4 c5 8. e6 Nb6 9. exf7+ Kh8 10. Be2 cxd4 11. Nxd4 Nc6 12. Be3 Rxf7 13. O-O Bd7 14. Nf3 Qg8 15. Bxb6 axb6 16. Bc4 e6 17. Qxd6 Qf8 18. Ng5 Re7 19. Qd3 Nb4 20. Qh3 Bd4+ 21. Kh1 Nxc2 22. Rad1 Qf5 23. Qh4 Bxc3 24. bxc3 Ne3 25. Nxe6 Rae8 26. Nc7 Bc6 27. Nxe8 Bxg2+ 28. Kg1 Bxf1 29. Rd8 Qf8 30. Nd6 Qxd8 31. Nf7+ Kg7 32. Qh6+ Kf6 33. Nxd8 Bxc4 34. Qg5+ 

1-0

[Event "Hotel El Aguila GM"]
[Site "?"]
[Date "2012.06.20"]
[Round "?"]
[White "Khamrakulov, Ibragim S"]
[Black "Antoli Royo, Joaquin Miguel"]
[WhiteElo "2517"]
[BlackElo "2401"]
[Result "1-0"]

1. e4 c5 2. Nf3 d6 3. c3 Nf6 4. h3 Nc6 5. Qc2 g6 6. d4 cxd4 7. cxd4 Bg7 8. d5 Nb8 9. Nc3 O-O 10. Bc4 Qa5 11. O-O a6 12. a3 b5 13. Ba2 Bb7 14. e5 dxe5 15. Nxe5 Qc7 16. Qe2 Nbd7 17. Bf4 Nh5 18. Nxd7 Qxd7 19. Be5 Bh6 20. Rad1 Rac8 21. Ne4 Nf4 22. Qe3 Qf5 23. Ng3 Qg5 24. Kh2 Rc2 25. Bb3 Rcc8 26. Rd4 Nh5 27. Qxg5 Bxg5 28. Nxh5 gxh5 29. h4 Bh6 30. g4 Rfd8 31. gxh5 Kf8 32. Rg1 Ke8 33. d6 e6 34. f4 f6 35. Bxe6 Rc2+ 36. Kh3 fxe5 37. Rg8+ Bf8 38. fxe5 Bc8 39. Bxc8 Kf7 40. Bf5 Re2 41. Bxh7 

1-0

[Event "3rd Bajada de la Virgen op"]
[Site "?"]
[Date "2005.06.16"]
[Round "?"]
[White "Khamrakulov, Ibragim S"]
[Black "Hernando Rodrigo, Jose Maria"]
[WhiteElo "2514"]
[BlackElo "2348"]
[Result "1-0"]

1. e4 d5 2. exd5 Qxd5 3. Nc3 Qa5 4. Nf3 Nf6 5. d4 Bg4 6. h3 Bxf3 7. Qxf3 c6 8. Bc4 e6 9. O-O Be7 10. Ne4 O-O 11. c3 Nxe4 12. Qxe4 Nd7 13. Bxe6 Nf6 14. Qf5 Nd5 15. Bxd5 cxd5 16. Re1 Bf6 17. Bg5 Bxg5 18. Qxg5 Rad8 19. Re7 Qb5 20. Rae1 h6 21. Qd2 a5 22. Qe2 Qc6 23. Qe5 b5 24. Qc7 Qa8 25. R1e3 b4 26. Rf3 Rc8 27. Qe5 Qc6 28. Qh5 g6 29. Qxh6 bxc3 30. bxc3 Qd6 31. Qg5 Rb8 32. g3 Rb2 33. a4 Ra2 34. Qe5 Qc6 35. Rf6 

1-0

[Event "1nd Evora Carpintero Memorial"]
[Site "?"]
[Date "2006.10.29"]
[Round "?"]
[White "Khamrakulov, Ibragim S"]
[Black "Pinheiro, Jose"]
[WhiteElo "2527"]
[BlackElo "2336"]
[Result "1-0"]

1. e4 c5 2. Nf3 e6 3. c3 d5 4. exd5 Qxd5 5. d4 cxd4 6. cxd4 Nf6 7. a3 Be7 8. Nc3 Qd6 9. Bd3 O-O 10. O-O Nc6 11. Be3 b6 12. Qe2 Bb7 13. Ba6 Bxa6 14. Qxa6 Rac8 15. Rac1 Qd7 16. Ne5 Nxe5 17. dxe5 Nd5 18. Rfd1 Bc5 19. Nxd5 exd5 20. Bxc5 Rxc5 21. Rxc5 bxc5 22. Qd6 Qxd6 23. exd6 d4 24. Rc1 d3 25. Kf1 d2 26. Rd1 f6 27. Rxd2 Kf7 28. Rd5 Ke6 29. Rxc5 Kxd6 30. b4 Re8 31. Ra5 Re7 32. g4 Kc6 33. Kg2 Kb6 34. Kf3 Rd7 35. h4 Rd4 36. h5 Rc4 37. Kg3 Rd4 38. f3 h6 39. Rc5 Rd3 40. a4 a6 41. a5+ Kb7 42. b5 axb5 43. Rxb5+ Ka6 44. Rb6+ Ka7 45. Re6 Rd7 46. a6 Rc7 47. Kf4 Rc4+ 48. Kf5 Rc5+ 49. Kg6 Rg5+ 50. Kf7 f5 51. Rg6 

1-0

[Event "5th Sanxenxo Spain, Open"]
[Site "?"]
[Date "2013.06.30"]
[Round "?"]
[White "Khamrakulov, Ibragim S"]
[Black "Sanchez Aller, Fernando"]
[WhiteElo "2484"]
[BlackElo "2335"]
[Result "1-0"]

1. e4 e5 2. Nf3 Nc6 3. Bc4 Nf6 4. d3 Bc5 5. O-O d6 6. c3 O-O 7. Bb3 Bb6 8. h3 Ne7 9. Re1 Ng6 10. d4 h6 11. Nbd2 Nh7 12. Nc4 Qf6 13. a4 c6 14. Nxb6 axb6 15. Be3 b5 16. Nh2 bxa4 17. Rxa4 Rxa4 18. Bxa4 Nf4 19. Ng4 Qg6 20. dxe5 dxe5 21. Bxf4 exf4 22. Ne5 Qg5 23. Nf3 Qe7 24. Bb3 Ng5 25. Nd4 Rd8 26. Qe2 Qe5 27. f3 c5 28. Nb5 Ne6 29. Rd1 Rxd1+ 30. Qxd1 c4 31. Ba4 Qc5+ 32. Kf1 b6 33. Nd6 Ba6 34. Be8 Kf8 35. Bxf7 Ke7 36. Bxe6 Qxd6 37. Bd5 Bc8 38. Qd4 g5 39. Bxc4 Bd7 40. Qd5 Qc5 

1-0

[Event "2rd Seville Mercantil op"]
[Site "?"]
[Date "2006.01.26"]
[Round "?"]
[White "Khamrakulov, Ibragim S"]
[Black "Razmyslov, Alexander"]
[WhiteElo "2499"]
[BlackElo "2329"]
[Result "1-0"]

1. e4 e5 2. Nf3 Nc6 3. d4 exd4 4. Nxd4 Nf6 5. Nxc6 bxc6 6. e5 Qe7 7. Qe2 Nd5 8. Nd2 g5 9. Ne4 h6 10. h4 g4 11. c4 Ba6 12. Qxg4 Nb4 13. Nf6+ Kd8 14. Kd1 Bc8 15. Qg3 d6 16. Bf4 Bf5 17. Qc3 Bg7 18. Qxb4 dxe5 19. Qxe7+ Kxe7 20. Nh5 Bg4+ 21. Kc2 Bxh5 22. Re1 Kd6 23. Bd2 e4 24. Bf4+ Kc5 25. Bxc7 Bd4 26. a3 a5 27. Rh3 a4 28. b4+ axb3+ 29. Rxb3 

1-0

[Event "Wch U16"]
[Site "?"]
[Date "1998.11.03"]
[Round "?"]
[White "Khamrakulov, Ibragim S"]
[Black "Kang, Chuanqi"]
[WhiteElo "2315"]
[BlackElo "2315"]
[Result "1-0"]

1. e4 c5 2. c3 d5 3. exd5 Qxd5 4. d4 Nc6 5. dxc5 Qxd1+ 6. Kxd1 e5 7. b4 Nf6 8. Bb5 a5 9. Nf3 Bf5 10. Ke2 O-O-O 11. a3 Nd5 12. Bd2 Be7 13. Re1 e4 14. Nd4 Nxc3+ 15. Bxc3 Nxd4+ 16. Bxd4 Rxd4 17. Nc3 Rhd8 18. Rad1 Bg4+ 19. f3 exf3+ 20. gxf3 Rxd1 21. Rxd1 Be6 

1-0

[Event "Villa de Deifontes op"]
[Site "?"]
[Date "2005.10.16"]
[Round "?"]
[White "Campora, Daniel H"]
[Black "Khamrakulov, Ibragim S"]
[WhiteElo "2538"]
[BlackElo "2515"]
[Result "0-1"]

1. e4 c5 2. Nf3 e6 3. d4 cxd4 4. Nxd4 a6 5. Be2 Nf6 6. Nd2 d5 7. exd5 exd5 8. O-O Bd6 9. N2f3 h6 10. Bd3 O-O 11. Nf5 Bxf5 12. Bxf5 Nc6 13. Be3 Re8 14. Re1 Qc7 15. c3 Ne5 16. Nxe5 Rxe5 17. Qf3 Rae8 18. g3 Bc5 19. Bd2 Qb6 20. Rxe5 Rxe5 21. b4 Bxf2+ 22. Kg2 Be3 23. Re1 d4 24. cxd4 Bxd4 25. Bc8 Rd5 26. Re2 Qc6 27. Bh3 Ba7 28. a3 Qc4 29. Bf5 Rxf5 30. Bf4 Qd5 31. Qxd5 Rxd5 32. Rc2 g5 33. Bc1 Kg7 34. Bb2 Kg6 35. Bxf6 Kxf6 36. Rc7 Rb5 37. g4 Bd4 38. Rd7 Bb2 39. Rd3 Bxa3 40. Rxa3 Rxb4 

0-1

[Event "8th POR-chT"]
[Site "?"]
[Date "2006.07.30"]
[Round "?"]
[White "Lima, Darcy"]
[Black "Khamrakulov, Ibragim S"]
[WhiteElo "2482"]
[BlackElo "2504"]
[Result "0-1"]

1. g3 c5 2. Nf3 Nc6 3. d4 cxd4 4. Nxd4 g6 5. Bg2 Bg7 6. Nb3 Nf6 7. Nc3 d6 8. O-O Bd7 9. e4 Qc8 10. Re1 O-O 11. Bg5 h6 12. Bf4 g5 13. Bd2 Ne5 14. Nd4 Re8 15. b3 Nfg4 16. Nce2 Qc5 17. Rf1 Nxf2 18. Rxf2 Ng4 19. Be1 e5 20. b4 Qb6 21. Nb3 Rac8 22. c3 f5 23. exf5 Bxf5 24. Qd5+ Be6 25. Qxb7 Nxf2 26. Bxf2 Qxb7 27. Bxb7 Rc7 28. Na5 d5 29. Rd1 d4 30. c4 Rb8 31. Be4 Rxb4 32. Nc1 Ra4 33. Be1 Bf8 34. Nd3 Rxa2 35. Nxe5 Re2 36. Bc2 

0-1

[Event "Wch U16"]
[Site "?"]
[Date "1998.11.06"]
[Round "?"]
[White "Azarov, Sergei"]
[Black "Khamrakulov, Ibragim S"]
[WhiteElo "2445"]
[BlackElo "2315"]
[Result "0-1"]

1. e4 c5 2. Nf3 e6 3. c3 Nf6 4. e5 Nd5 5. d4 cxd4 6. cxd4 b6 7. Nc3 Nxc3 8. bxc3 Qc7 9. Bd2 Bb7 10. Bd3 d6 11. O-O Nd7 12. Bg5 dxe5 13. dxe5 h6 14. Bh4 g5 15. Bg3 O-O-O 16. Qe2 Nc5 17. Bc4 Kb8 18. a4 Ne4 19. Rac1 h5 20. h4 Bc5 21. Kh2 g4 

0-1

[Event "2nd Oliver Gonzalez Memorial"]
[Site "?"]
[Date "2011.10.16"]
[Round "?"]
[White "Candela Perez, Jose"]
[Black "Khamrakulov, Ibragim S"]
[WhiteElo "2418"]
[BlackElo "2504"]
[Result "0-1"]

1. d4 Nf6 2. Nf3 e6 3. c4 Bb4+ 4. Nbd2 O-O 5. a3 Be7 6. e4 d5 7. e5 Ne4 8. Qc2 f5 9. exf6 Nxf6 10. Bd3 Nc6 11. O-O dxc4 12. Qxc4 Qd5 13. b4 Bd6 14. Bb2 Qh5 15. Rfe1 Ne7 16. Nf1 Ned5 17. Ne5 Nf4 18. Ng3 Qe8 19. Bb1 b5 20. Qc1 N4d5 21. Nd3 a5 22. bxa5 Rxa5 23. Nc5 Qf7 24. Qd2 Ra8 25. Nd3 Qe8 26. Bc2 Nb6 27. Bb3 Nc4 28. Qc1 Ng4 29. Re4 Qg6 30. Bd1 Nf6 31. Ne5 Bxe5 32. Rxe5 Nxe5 33. dxe5 Nd5 34. Qc6 Ra6 35. Qxb5 Rb6 36. Qe2 c5 37. Rc1 Ba6 38. Qd2 Qd3 39. Rc2 Rfb8 40. Bc1 Qxd2 41. Bxd2 Rb1 42. Bc1 Ra1 43. Be2 Rbb1 44. Bxa6 Rxc1+ 45. Rxc1 Rxc1+ 46. Nf1 c4 

0-1

[Event "1nd Condom op"]
[Site "?"]
[Date "2002.07.18"]
[Round "?"]
[White "Santo-Roman, Marc"]
[Black "Khamrakulov, Ibragim S"]
[WhiteElo "2418"]
[BlackElo "2474"]
[Result "0-1"]

1. e4 c5 2. Nf3 e6 3. d4 cxd4 4. Nxd4 a6 5. Bd3 Nc6 6. Nxc6 bxc6 7. O-O d5 8. Nd2 Qc7 9. Re1 Nf6 10. c4 Be7 11. h3 Bb7 12. Qc2 d4 13. e5 Nd7 14. Nf3 c5 15. Be4 h6 16. Bf4 a5 17. Rad1 Bxe4 18. Qxe4 Rb8 19. Bc1 Qb7 20. Qg4 g6 21. Re2 Qa6 22. Rc2 Rb4 23. Qe4 Qb7 24. Qd3 a4 25. Re1 Bf8 26. h4 Bg7 27. Re4 Qc7 28. Rce2 Qb7 29. h5 g5 30. Rg4 Qb8 31. Rge4 Qb7 32. Kh1 Kd8 33. Nd2 Qb8 34. Qg3 

0-1

[Event "Zafra Ruy Lopez"]
[Site "?"]
[Date "2004.05.04"]
[Round "?"]
[White "Carrasco Martinez, Juan M"]
[Black "Khamrakulov, Ibragim S"]
[WhiteElo "2410"]
[BlackElo "2472"]
[Result "0-1"]

1. d4 Nf6 2. Nf3 g6 3. Bg5 Bg7 4. c3 O-O 5. Nbd2 d6 6. e4 h6 7. Bh4 c5 8. d5 Nh5 9. Bc4 Bg4 10. O-O Nd7 11. Qc2 Nb6 12. Bd3 Nf4 13. Rfe1 Nxd3 14. Qxd3 g5 15. Bg3 f5 16. h3 Bxf3 17. Qxf3 f4 18. Bh2 Nd7 19. Qe2 b5 20. h4 Ne5 21. Nf3 Nxf3+ 22. Qxf3 Qe8 23. hxg5 hxg5 24. Qg4 Qg6 25. Rad1 b4 26. Rd3 bxc3 27. bxc3 Rab8 28. Kf1 Rb2 29. Rf3 Rxa2 30. Rh3 a5 31. Rh5 Bh6 32. g3 f3 33. Qh3 Kg7 34. g4 Re2 35. Rxe2 fxe2+ 36. Ke1 Qxe4 

0-1

[Event "ESP-chT Honor Gp2"]
[Site "?"]
[Date "2007.06.30"]
[Round "?"]
[White "Garcia Padron, Jose"]
[Black "Khamrakulov, Ibragim S"]
[WhiteElo "2408"]
[BlackElo "2545"]
[Result "0-1"]

1. d4 Nf6 2. Nf3 e6 3. e3 c5 4. c4 cxd4 5. exd4 Bb4+ 6. Nc3 d5 7. cxd5 Nxd5 8. Bd2 O-O 9. Bd3 Nc6 10. O-O Be7 11. a3 Qb6 12. Qc2 g6 13. Rad1 Bd7 14. Qb1 Bf6 15. Be4 Nce7 16. h4 Bc6 17. Ne2 h5 18. Bg5 Bg7 19. Ng3 Nf6 20. Ne5 Nxe4 21. Nxe4 Nd5 22. Rfe1 Ba4 23. Rd2 Rfc8 24. g4 hxg4 25. Nxg4 Qb3 26. Nc5 Qh3 27. Qe4 Bc6 28. f3 Nb6 29. Qf4 Bxf3 30. Nh2 Bd5 31. Rf2 e5 32. Qg4 Qxg4+ 33. Nxg4 exd4 34. Nd3 Bc4 35. Nde5 Re8 36. Bf6 Nd7 37. Re4 Nxf6 38. Nxf6+ Bxf6 39. Rxf6 Bd5 40. Re1 Kg7 41. Rf4 Rac8 42. Rxd4 Ba2 43. Rd2 Re6 44. Kf2 Rc5 45. Rde2 Bb3 46. Nf3 a5 47. Nd4 Rxe2+ 48. Rxe2 a4 49. Nxb3 axb3 50. Re4 Rc2+ 51. Kg3 Rxb2 52. Rb4 Rb1 53. Rxb7 b2 54. Kh2 Kh6 55. Rb5 f5 56. a4 Kh5 57. Rb4 Ra1 58. Rxb2 Rxa4 59. Kg3 Rxh4 60. Kf3 Ra4 61. Rg2 g5 62. Rh2+ Kg6 63. Rh8 Ra3+ 64. Kg2 f4 65. Rd8 Kf5 66. Rd2 Kg4 67. Rb2 Ra4 68. Rc2 f3+ 69. Kf2 Kf4 70. Rb2 g4 71. Rb1 Ra2+ 72. Kf1 Kg3 73. Kg1 Rg2+ 74. Kf1 Rh2 

0-1

[Event "1nd Sevilla Spain, Open"]
[Site "?"]
[Date "2006.01.12"]
[Round "?"]
[White "Lanzani, Mario"]
[Black "Khamrakulov, Ibragim S"]
[WhiteElo "2356"]
[BlackElo "2499"]
[Result "0-1"]

1. e4 c5 2. Nf3 a6 3. Nc3 b5 4. d4 cxd4 5. Nxd4 Bb7 6. Bd3 Nc6 7. Nxc6 Bxc6 8. O-O e6 9. Re1 Nf6 10. Bg5 h6 11. Bxf6 Qxf6 12. Nd5 Qe5 13. f4 Qd4+ 14. Kh1 Bd6 15. c3 Qf2 16. Re2 Qh4 17. g3 Qh5 18. Re1 Qxd1 19. Raxd1 O-O 20. Nb4 Bxb4 21. cxb4 g5 22. Kg1 f6 23. Kf2 Kf7 24. Ke3 Ke7 25. Bc2 Rac8 26. Bb3 f5 27. e5 Rg8 28. Rd6 Bb7 29. Red1 Rc7 30. a4 gxf4+ 31. gxf4 Rg4 32. R6d2 bxa4 33. Bxa4 Bd5 34. Rxd5 exd5 35. Rxd5 Rh4 36. b3 Rh3+ 37. Kd4 Rf3 38. Rd6 Rxf4+ 39. Kd5 Rf2 

0-1